| 000 | 00600nam a22001937a 4500 | ||
|---|---|---|---|
| 005 | 20150330062345.0 | ||
| 008 | 090625s2010 nyu 001 0 eng | ||
| 020 | _a9780071614191 | ||
| 041 | 0 | _aeng | |
| 080 | _a658 | ||
| 100 | 1 | _aStein, James D., | |
| 245 | 1 | 4 |
_aThe right decision : _cJames Stein. |
| 260 |
_aNew York : _bMcGraw-Hill, _c2010. |
||
| 300 |
_a242 f. ; _c22 cm. |
||
| 505 | 0 | _aIndex: f. 239 - 242 | |
| 650 | 0 | _aVendimi | |
| 650 | 0 | _aZgjedhja e problemeve | |
| 942 |
_2udc _cBK |
||
| 999 |
_c601 _d601 |
||